000 00710nam a2200217 i 4500
001 46834
003 ES-MaACL
005 20230906161444.0
007 t|
008 030401s1983 sp ||||1| spa d
100 1 _aConrad, Joseph.
_940217
245 1 3 _aEl socio /
_cJoseph Conrad ; ilustraciones, Jesús Gabán ; traducción, Sagrario Fierro Madrid.
260 _a[Madrid :
_bEdiciones Libertarias,
_c[1983]
300 _a94 p. ;
_c21 cm.
490 1 _aColección pluma rota. Relatos ;
_v7
700 1 _aGabán, Jesús.
_953119
700 1 _aFierro Madrid, Sagrario.
_950717
830 0 _aColección pluma rota. Relatos ;
_v7
_9186360
852 _aES-MaACL
_jL-4668
_bR.105483
999 _c46834
_d46834